Tendencia rozvoja obchodu u nás a v zahraničí

Transformačný proces ekonomiky Slovenska a s ním súvisiace zmeny v obchode. Niektoré nedostatky súčasného obchodu - obchod si neplní dostatočne svoje základné ekonomické a spoločenské funkcie. Znížená ochrana spotrebiteľa. Tendencie rozvoja obchodu v zahraničí - koncentrácia a internacionalizácia ob...

Descrizione completa

Salvato in:
Dettagli Bibliografici
Autore principale: Čihovská, Viera
Natura: Capitolo di libro
Lingua:slovacco
Soggetti:
Tags: Aggiungi Tag
Nessun Tag, puoi essere il primo ad aggiungerne!!

MARC

LEADER 00000naa a2200000 4500
001 r016813
005 20221205102157.3
041 0 |a slo 
044 |a SK 
245 1 0 |a Tendencia rozvoja obchodu u nás a v zahraničí  |c Viera Čihovská 
520 |a Transformačný proces ekonomiky Slovenska a s ním súvisiace zmeny v obchode. Niektoré nedostatky súčasného obchodu - obchod si neplní dostatočne svoje základné ekonomické a spoločenské funkcie. Znížená ochrana spotrebiteľa. Tendencie rozvoja obchodu v zahraničí - koncentrácia a internacionalizácia obchodnej činnosti, vertikálne usporiadané distribučné systémy, sieť špecializovaných predajných jednotiek, segmentácia trhu, nové technológie. Diskontné formy predaja. 
610 2 0 |a obchod 
610 2 0 |a distribúcia 
610 2 0 |a koncentrácia 
610 2 0 |a internacionalizácia 
610 2 0 |a segmentácia trhu 
610 2 0 |a predajne 
610 2 0 |a supermarkety 
610 2 0 |a Slovensko 
610 2 0 |a západná Európa 
610 2 0 |a USA 
100 1 |a Čihovská, Viera